[Event "DVM U20 2003"]
[Site "Ditzingen GER"]
[Date "2003.12.29"]
[Round "5"]
[White "Balcerak, Philipp"]
[Black "Frackowiak, Oliver"]
[Result "1-0"]
[Termination "normal"]
[Board "2.2"]
[WhiteElo "2188"]
[BlackElo "2110"]
[WhiteTeam "SG Porz"]
[BlackTeam "Hamburger SK von 1830"]
[PlyCount "91"]
[WhiteFideId "4655036"]
[BlackFideId "4677145"]
[EventCountry "GER"]
[EventRounds "7"]
[EventType "team-swiss"]
[EventDate "2003.12.26"]

1. d4 Nf6 2. c4 g6 3. Nc3 Bg7 4. e4 d6 5. f3 e5 6. Nge2 Nh5 7. Be3 f5 8. Qd2 f4
9. Bf2 c6 10. O-O-O Qe7 11. Kb1 O-O 12. Nc1 Na6 13. Be2 Nc7 14. d5 c5 15. Bxc5
b6 16. Bf2 Bd7 17. Nd3 Rfc8 18. Nb4 Qe8 19. Qd3 Bf8 20. Rc1 Rab8 21. Nb5 Rb7
22. Nxc7 Rcxc7 23. Na6 Rc8 24. Ka1 Nf6 25. b4 Qd8 26. Qd2 Ne8 27. c5 bxc5 28.
bxc5 dxc5 29. Bxc5 Bxc5 30. Nxc5 Rbc7 31. Nd3 Rxc1+ 32. Rxc1 Rxc1+ 33. Qxc1 Qb6
34. Qc5 Bb5 35. Qxb6 axb6 36. Nxf4 Bxe2 37. Nxe2 Nd6 38. Kb2 h5 39. Kb3 Kf7 40.
Kb4 g5 41. Ng3 Kg6 42. Nf5 Nxf5 43. exf5+ Kxf5 44. Kb5 g4 45. d6 Ke6 46. Kc6
1-0

[Event "DVM U20 2003"]
[Site "Ditzingen GER"]
[Date "2003.12.29"]
[Round "5"]
[White "Stejskal, Hans Christian"]
[Black "Thalwitzer, David"]
[Result "0-1"]
[Termination "normal"]
[Board "2.3"]
[WhiteElo "2119"]
[BlackElo "2128"]
[WhiteTeam "Hamburger SK von 1830"]
[BlackTeam "SG Porz"]
[PlyCount "100"]
[WhiteFideId "4685890"]
[BlackFideId "4663233"]
[EventCountry "GER"]
[EventRounds "7"]
[EventType "team-swiss"]
[EventDate "2003.12.26"]

1. e4 c5 2. Nf3 d6 3. d4 cxd4 4. Nxd4 Nf6 5. Nc3 g6 6. Be3 Bg7 7. f3 Nc6 8. Qd2
O-O 9. O-O-O Nxd4 10. Bxd4 Be6 11. g4 Qa5 12. Kb1 Rfc8 13. a3 Rab8 14. Ne2 Qa4
15. Nc3 Qa5 16. Ne2 Qxd2 17. Rxd2 a6 18. h4 b5 19. Bc3 Nd7 20. Bxg7 Kxg7 21. h5
b4 22. axb4 Rxb4 23. hxg6 fxg6 24. Nf4 Bg8 25. Nd3 Rb6 26. Bh3 Rcb8 27. c3 Bc4
28. Bf1 a5 29. Rhh2 Rb3 30. Rc2 a4 31. Rhf2 Bxd3 32. Bxd3 Ne5 33. Bf1 a3 34.
Ka2 axb2 35. Kb1 Rc8 36. g5 Rcxc3 37. f4 Nd3 38. Bxd3 Rxd3 39. Rxb2 Rxb2+ 40.
Kxb2 Re3 41. e5 dxe5 42. f5 gxf5 43. Rxf5 Kg6 44. Rf2 Rg3 45. Kc2 Rxg5 46. Kd3
h5 47. Ke4 h4 48. Rh2 Kh5 49. Kf3 Rg3+ 50. Ke4 Kg4 0-1

[Event "DVM U20 2003"]
[Site "Ditzingen GER"]
[Date "2003.12.29"]
[Round "5"]
[White "Ostrowski, David"]
[Black "Colpe, Helge"]
[Result "0-1"]
[Termination "normal"]
[Board "2.4"]
[WhiteElo "1806"]
[BlackElo "2092"]
[WhiteTeam "SG Porz"]
[BlackTeam "Hamburger SK von 1830"]
[PlyCount "112"]
[BlackFideId "4685644"]
[EventCountry "GER"]
[EventRounds "7"]
[EventType "team-swiss"]
[EventDate "2003.12.26"]

1. e4 e5 2. Nf3 Nc6 3. Bb5 Nf6 4. Qe2 Bc5 5. c3 O-O 6. d3 d6 7. Nbd2 Bg4 8. Nf1
Ne7 9. Ng3 Ng6 10. h3 Bxf3 11. gxf3 c6 12. Ba4 b5 13. Bc2 b4 14. O-O Nf4 15.
Bxf4 exf4 16. Nf5 g6 17. Nd4 Nh5 18. Kh2 Bxd4 19. cxd4 Ng7 20. Bb3 a5 21. d5 c5
22. Ba4 Ra7 23. Rac1 Qf6 24. Rfd1 Re7 25. Rc4 Nf5 26. Rh1 Nd4 27. Qd1 Qh4 28.
Kg2 Re5 29. Kf1 Qh5 30. Rxd4 cxd4 31. Bc6 Rc8 32. Ke2 Re7 33. Qc1 Qe5 34. h4 h5
35. Rg1 Qf6 36. Rg5 Re5 37. Qg1 Rc7 38. Rxe5 Qxe5 39. Kd2 Qf6 40. Qh2 Qe5 41.
Ke2 f5 42. Qg2 Kg7 43. Qg5 fxe4 44. Qxe5+ dxe5 45. fxe4 Kf6 46. f3 Ke7 47. Kd2
Kd6 48. Ke2 Rg7 49. Kf2 g5 50. Kg2 gxh4+ 51. Kh3 Rg3+ 52. Kxh4 Rxf3 53. Bb5 Rf2
54. Kxh5 Rg2 55. Kh4 f3 56. Kh3 Rg8 0-1

[Event "DVM U20 2003"]
[Site "Ditzingen GER"]
[Date "2003.12.29"]
[Round "5"]
[White "Stellwagen, Robin"]
[Black "Karmann, Alexander"]
[Result "1-0"]
[Termination "normal"]
[Board "2.5"]
[WhiteElo "2054"]
[BlackElo "1774"]
[WhiteTeam "Hamburger SK von 1830"]
[BlackTeam "SG Porz"]
[PlyCount "111"]
[WhiteFideId "24601918"]
[BlackFideId "24629863"]
[EventCountry "GER"]
[EventRounds "7"]
[EventType "team-swiss"]
[EventDate "2003.12.26"]

1. e4 e5 2. Nf3 Nc6 3. Bc4 Bc5 4. c3 Nf6 5. d3 d6 6. O-O O-O 7. Nbd2 Be6 8. b4
Bb6 9. a4 a6 10. Qb3 Qe7 11. Ba3 Kh8 12. Bxe6 Qxe6 13. Qxe6 fxe6 14. Nc4 Nd7
15. Nxb6 Nxb6 16. Bb2 Kg8 17. a5 Nd7 18. Rae1 Rae8 19. Re3 Rf7 20. Ne1 Nf8 21.
Nc2 Ng6 22. c4 Nf4 23. g3 Ng6 24. Kg2 Ref8 25. f3 h5 26. Ra1 Nge7 27. b5 Na7
28. Na3 c6 29. b6 Nac8 30. c5 d5 31. Bxe5 Ng6 32. Bb2 dxe4 33. dxe4 Rd8 34. Nc4
Rfd7 35. Kf2 Kf7 36. Ke2 Kf8 37. Rb1 Nh8 38. Rc3 Nf7 39. Rc2 Ne7 40. Rd2 Rxd2+
41. Nxd2 Ng6 42. f4 e5 43. f5 Ngh8 44. Nc4 Re8 45. Rd1 Re7 46. Ke3 Ke8 47. Nd6+
Kf8 48. Rd2 Nd8 49. Nc8 Re8 50. Bxe5 Nhf7 51. Bd6+ Kg8 52. Ne7+ Kh7 53. Kf4
Nxd6 54. cxd6 Nf7 55. e5 Rd8 56. d7 1-0

[Event "DVM U20 2003"]
[Site "Ditzingen GER"]
[Date "2003.12.29"]
[Round "5"]
[White "Rudnik, Kirill"]
[Black "Möller, Hendrik"]
[Result "0-1"]
[Termination "normal"]
[Board "2.6"]
[WhiteElo "1762"]
[BlackElo "2105"]
[WhiteTeam "SG Porz"]
[BlackTeam "Hamburger SK von 1830"]
[PlyCount "128"]
[BlackFideId "24604917"]
[EventCountry "GER"]
[EventRounds "7"]
[EventType "team-swiss"]
[EventDate "2003.12.26"]

1. e4 c5 2. Nc3 Nc6 3. g3 g6 4. Bg2 Bg7 5. d3 d6 6. Be3 Nf6 7. Qd2 Nd4 8. h3
O-O 9. Nd1 Rb8 10. c3 Ne6 11. Ne2 Re8 12. O-O b5 13. f4 a5 14. g4 b4 15. c4 Nd7
16. f5 Nd4 17. Nxd4 cxd4 18. fxg6 fxg6 19. Bh6 Bxh6 20. Qxh6 Ne5 21. Nf2 Rf8
22. Qd2 Bd7 23. Nh1 Qc7 24. Ng3 Nc6 25. Qg5 Kh8 26. h4 Rg8 27. Rf7 Be6 28. Rf4
Ne5 29. Rd1 Nf7 30. Rxf7 Bxf7 31. Ne2 e5 32. Qf6+ Rg7 33. Ng3 Qd8 34. Rf1 Qxf6
35. Rxf6 Rd8 36. h5 Bg8 37. h6 Rf7 38. Rxf7 Bxf7 39. g5 Be6 40. Bf3 Rf8 41. Be2
Rf4 42. Kg2 Bg4 43. Bf1 Bd1 44. Be2 Bxe2 45. Nxe2 Rg4+ 46. Kh3 Rxg5 47. Ng3 Kg8
48. Kh4 Rxg3 49. Kxg3 Kf7 50. Kg4 a4 51. b3 axb3 52. axb3 Kf6 53. Kh4 g5+ 54.
Kh5 g4 55. Kxg4 Kg6 56. Kg3 Kxh6 57. Kh4 Kg6 58. Kg4 h5+ 59. Kh4 Kh6 60. Kh3
Kg5 61. Kg3 h4+ 62. Kh3 Kh5 63. Kh2 Kg4 64. Kg2 Kf4 0-1

[Event "DVM U20 2003"]
[Site "Ditzingen GER"]
[Date "2003.12.29"]
[Round "5"]
[White "Hörr, Matthias"]
[Black "Kühner, Christian"]
[Result "1/2-1/2"]
[Termination "normal"]
[Board "3.1"]
[WhiteElo "2055"]
[BlackElo "2174"]
[WhiteTeam "SK König Plauen"]
[BlackTeam "ASC Theresianum Mainz"]
[PlyCount "46"]
[WhiteFideId "4681398"]
[BlackFideId "4679440"]
[EventCountry "GER"]
[EventRounds "7"]
[EventType "team-swiss"]
[EventDate "2003.12.26"]

1. e4 c5 2. Nf3 e6 3. d4 cxd4 4. Nxd4 a6 5. Bd3 Nf6 6. O-O d6 7. c4 b6 8. b3
Bb7 9. Nd2 Nbd7 10. Re1 g6 11. Bb2 Bg7 12. Rc1 O-O 13. Bb1 Rc8 14. Kh1 Qc7 15.
f3 Qb8 16. Qe2 Nh5 17. Nf1 d5 18. cxd5 exd5 19. exd5 Rxc1 20. Rxc1 Re8 21. Qf2
Bxd5 22. Re1 Nf4 23. Rxe8+ Qxe8 1/2-1/2

[Event "DVM U20 2003"]
[Site "Ditzingen GER"]
[Date "2003.12.29"]
[Round "5"]
[White "Weichhold, Carsten"]
[Black "Engelhardt, Etienne"]
[Result "1/2-1/2"]
[Termination "normal"]
[Board "3.2"]
[WhiteElo "2013"]
[BlackElo "1832"]
[WhiteTeam "ASC Theresianum Mainz"]
[BlackTeam "SK König Plauen"]
[PlyCount "32"]
[BlackFideId "4687213"]
[EventCountry "GER"]
[EventRounds "7"]
[EventType "team-swiss"]
[EventDate "2003.12.26"]

1. e4 c6 2. Nc3 d5 3. Nf3 dxe4 4. Nxe4 Bg4 5. Bc4 e6 6. h3 Bh5 7. Ng3 Bg6 8. h4
h6 9. Ne5 Bh7 10. Qe2 Qe7 11. d4 Nf6 12. Bb3 Nbd7 13. Be3 Nd5 14. c4 Nxe3 15.
Qxe3 Qb4+ 16. Ke2 Nxe5 1/2-1/2

[Event "DVM U20 2003"]
[Site "Ditzingen GER"]
[Date "2003.12.29"]
[Round "5"]
[White "Pfeufer, Lion"]
[Black "Resa, Tobias"]
[Result "1/2-1/2"]
[Termination "normal"]
[Board "3.3"]
[WhiteElo "2015"]
[BlackElo "1915"]
[WhiteTeam "SK König Plauen"]
[BlackTeam "ASC Theresianum Mainz"]
[PlyCount "46"]
[WhiteFideId "4681444"]
[EventCountry "GER"]
[EventRounds "7"]
[EventType "team-swiss"]
[EventDate "2003.12.26"]

1. e4 e5 2. Nf3 Nc6 3. Bc4 Nf6 4. d3 Be7 5. O-O O-O 6. Re1 d6 7. Nbd2 Na5 8. c3
Bg4 9. d4 exd4 10. cxd4 Re8 11. Bd3 Nd7 12. h3 Bh5 13. Qa4 Nc6 14. Qb5 Bg6 15.
Qxb7 Na5 16. Qb5 c5 17. Nc4 Nxc4 18. Qxc4 Nb6 19. Qa6 cxd4 20. Nxd4 Bf6 21. Be3
Bxe4 22. Bxe4 Rxe4 23. Nc6 Qe8 1/2-1/2

[Event "DVM U20 2003"]
[Site "Ditzingen GER"]
[Date "2003.12.29"]
[Round "5"]
[White "Schilling, Christian"]
[Black "Butzke, Daniel"]
[Result "1/2-1/2"]
[Termination "normal"]
[Board "3.4"]
[WhiteElo "1649"]
[BlackElo "1965"]
[WhiteTeam "ASC Theresianum Mainz"]
[BlackTeam "SK König Plauen"]
[PlyCount "107"]
[BlackFideId "4690028"]
[EventCountry "GER"]
[EventRounds "7"]
[EventType "team-swiss"]
[EventDate "2003.12.26"]

1. Nf3 Nf6 2. d4 g6 3. c4 Bg7 4. Nc3 O-O 5. e4 d6 6. Be2 e5 7. d5 Ne8 8. O-O f5
9. Bg5 Nf6 10. exf5 gxf5 11. Qc1 Qe8 12. Bh6 Qg6 13. Bxg7 Qxg7 14. Qg5 Rf7 15.
Qxg7+ Rxg7 16. b4 Nbd7 17. Nh4 Nf8 18. Bd3 e4 19. Bc2 Ng6 20. Nxg6 hxg6 21.
Rae1 Bd7 22. f3 exf3 23. gxf3 Re8 24. Rxe8+ Bxe8 25. Re1 Bd7 26. a4 a6 27. a5
Kf8 28. Kf2 Rh7 29. Kg1 Rh4 30. Bd3 Kf7 31. b5 axb5 32. cxb5 Rh8 33. a6 Ra8 34.
Ra1 Bc8 35. Kf2 Ra7 36. b6 Ra8 37. axb7 Bxb7 38. Rxa8 Bxa8 39. bxc7 Bb7 40. Nb5
Ke7 41. Na7 Kd7 42. c8=Q+ Bxc8 43. Bb5+ Kc7 44. Nxc8 Kxc8 45. Bc6 Kd8 46. Kg3
Ng8 47. Kf4 Ne7 48. Ba8 Ke8 49. Kg5 Kf7 50. Bb7 Kg7 51. Bc6 Kf7 52. Bb7 Kg7 53.
Bc6 Kf7 54. Bb7 1/2-1/2

[Event "DVM U20 2003"]
[Site "Ditzingen GER"]
[Date "2003.12.29"]
[Round "5"]
[White "Buschmann, Stephan"]
[Black "Katte, Nicolas"]
[Result "0-1"]
[Termination "normal"]
[Board "3.5"]
[WhiteElo "1725"]
[BlackElo "1655"]
[WhiteTeam "SK König Plauen"]
[BlackTeam "ASC Theresianum Mainz"]
[PlyCount "82"]
[BlackFideId "24614149"]
[EventCountry "GER"]
[EventRounds "7"]
[EventType "team-swiss"]
[EventDate "2003.12.26"]

1. c4 b6 2. Nc3 e6 3. Nf3 Bb7 4. d4 Bb4 5. Bg5 Bxc3+ 6. bxc3 Nf6 7. e3 d6 8.
Bd3 h6 9. Bh4 g5 10. Bg3 Nh5 11. Nd2 Nxg3 12. hxg3 Bxg2 13. Rh2 Bc6 14. Qh5 Qf6
15. Ne4 Bxe4 16. Bxe4 c6 17. Kd2 d5 18. Bd3 dxc4 19. Bxc4 b5 20. Bd3 Nd7 21.
Rg1 O-O-O 22. f4 Qg7 23. Qf3 Kc7 24. Rb1 a6 25. c4 Rb8 26. cxb5 cxb5 27. Rc1+
Kd8 28. Kd1 gxf4 29. Qxf4 e5 30. dxe5 Qxe5 31. Qxf7 Qxg3 32. Rd2 Rf8 33. Qd5
Qg1+ 34. Bf1 Rxf1+ 35. Ke2 Rf2+ 36. Kd3 Qg6+ 37. Kc3 Rxd2 38. Kxd2 Rb6 39. Qa8+
Ke7 40. Rf1 Rd6+ 41. Kc1 Rc6+ 0-1

[Event "DVM U20 2003"]
[Site "Ditzingen GER"]
[Date "2003.12.29"]
[Round "5"]
[White "Pötzsch, Barnim"]
[Black "Hörr, Christian"]
[Result "0-1"]
[Termination "normal"]
[Board "3.6"]
[WhiteElo "1467"]
[BlackElo "1779"]
[WhiteTeam "ASC Theresianum Mainz"]
[BlackTeam "SK König Plauen"]
[PlyCount "60"]
[EventCountry "GER"]
[EventRounds "7"]
[EventType "team-swiss"]
[EventDate "2003.12.26"]

1. e4 d6 2. d4 Nf6 3. Nc3 g6 4. Be3 Bg7 5. f3 a6 6. Qd2 b5 7. g4 Bb7 8. g5 Nfd7
9. Bd3 c5 10. dxc5 dxc5 11. O-O-O Nc6 12. f4 b4 13. Nce2 Qa5 14. Bc4 O-O-O 15.
Qe1 e6 16. Nf3 Bxb2+ 17. Kxb2 Qa3+ 18. Kb1 Qxe3 19. Rd3 Qxe4 20. Nd2 Qf5 21.
Qh4 h5 22. h3 e5 23. Rf1 Nb6 24. fxe5 Rxd3 25. Rxf5 Rxd2 26. Rf1 Nxe5 27. Qf2
Nbxc4 28. Qxc5+ Kb8 29. Nc1 Rd5 30. Qe7 Nd2+ 0-1

[Event "DVM U20 2003"]
[Site "Ditzingen GER"]
[Date "2003.12.29"]
[Round "5"]
[White "Häcker, Alexander"]
[Black "Wehner, Roland"]
[Result "1-0"]
[Termination "normal"]
[Board "4.1"]
[WhiteElo "2245"]
[BlackElo "2182"]
[WhiteTeam "SV Wolfbusch"]
[BlackTeam "SK Ettlingen"]
[PlyCount "59"]
[WhiteFideId "4678214"]
[BlackFideId "4683161"]
[EventCountry "GER"]
[EventRounds "7"]
[EventType "team-swiss"]
[EventDate "2003.12.26"]

1. e4 e6 2. d4 d5 3. exd5 exd5 4. Nc3 c6 5. Bf4 Bf5 6. Nge2 Nf6 7. Ng3 Bg6 8.
h4 h6 9. h5 Bh7 10. Bd3 Bb4 11. Qe2+ Qe7 12. O-O-O Qxe2 13. Ncxe2 O-O 14. c3
Be7 15. f3 Bxd3 16. Rxd3 Re8 17. Nf5 Nbd7 18. Neg3 Bf8 19. Kd2 Re6 20. Re1 Rae8
21. Rde3 Rxe3 22. Rxe3 Kh7 23. Bd6 Re6 24. Bxf8 Nxf8 25. Rxe6 Nxe6 26. Nd6 b6
27. Ke3 Kg8 28. Nc8 Kf8 29. Nxa7 Nd8 30. a4 1-0

[Event "DVM U20 2003"]
[Site "Ditzingen GER"]
[Date "2003.12.29"]
[Round "5"]
[White "Friedel, Marcus"]
[Black "Mijatovic, Vladimir"]
[Result "1-0"]
[Termination "normal"]
[Board "4.2"]
[WhiteElo "2089"]
[BlackElo "2126"]
[WhiteTeam "SK Ettlingen"]
[BlackTeam "SV Wolfbusch"]
[PlyCount "53"]
[WhiteFideId "4688708"]
[BlackFideId "934062"]
[EventCountry "GER"]
[EventRounds "7"]
[EventType "team-swiss"]
[EventDate "2003.12.26"]

1. e4 c5 2. c3 Nf6 3. e5 Nd5 4. d4 cxd4 5. Qxd4 e6 6. Nf3 Nc6 7. Qe4 Qc7 8. g3
Nde7 9. Bg2 Ng6 10. Bf4 b6 11. O-O Bb7 12. Qe2 Be7 13. Nbd2 Nxf4 14. gxf4 d5
15. Nb3 h6 16. Nfd4 a6 17. Nxc6 Bxc6 18. Nd4 O-O 19. f5 Bc5 20. Qg4 Bxd4 21.
cxd4 Qd7 22. f6 g6 23. Rfc1 Bb5 24. Rc3 Rfc8 25. Rh3 h5 26. Rxh5 Qc7 27. Rh8+
1-0

[Event "DVM U20 2003"]
[Site "Ditzingen GER"]
[Date "2003.12.29"]
[Round "5"]
[White "Häcker, Sonja"]
[Black "Ehrenfried, Stefan"]
[Result "1-0"]
[Termination "normal"]
[Board "4.3"]
[WhiteElo "2028"]
[BlackElo "2136"]
[WhiteTeam "SV Wolfbusch"]
[BlackTeam "SK Ettlingen"]
[PlyCount "119"]
[WhiteFideId "4680928"]
[BlackFideId "4687515"]
[EventCountry "GER"]
[EventRounds "7"]
[EventType "team-swiss"]
[EventDate "2003.12.26"]

1. e4 d5 2. exd5 Nf6 3. d4 Bg4 4. Nf3 Qxd5 5. Nc3 Qa5 6. h3 Bh5 7. g4 Bg6 8.
Ne5 c6 9. Bg2 e6 10. h4 Be4 11. Bxe4 Nxe4 12. Qf3 Nd6 13. Bd2 Qc7 14. Bf4 Na6
15. O-O-O f6 16. Nd3 O-O-O 17. Nc5 Qb6 18. Nxe6 Rd7 19. Na4 Qb4 20. Qb3 Qxb3
21. axb3 Ne4 22. Rhf1 b5 23. Nc3 Nxc3 24. bxc3 g6 25. Kb2 Bd6 26. Rfe1 Bxf4 27.
Nxf4 Nc7 28. Re4 Rf8 29. Nd3 f5 30. Rf4 Ne6 31. Rf3 fxg4 32. Rxf8+ Nxf8 33. Ne5
Rd6 34. Nxg4 Nd7 35. Re1 Kd8 36. f4 Nf8 37. Ra1 Rd7 38. Ne5 Rc7 39. Ra6 Ne6 40.
Nxc6+ Ke8 41. Nxa7 Nxf4 42. Nxb5 Re7 43. Ra1 Re2 44. Rh1 Nd3+ 45. Kb1 Ne1 46.
Na3 Ke7 47. d5 Kd6 48. c4 Kc5 49. c3 Nf3 50. b4+ Kd6 51. Nb5+ Kd7 52. c5 Nd2+
53. Kc2 Rg2 54. Kd3 Nf3 55. c6+ Kd8 56. c7+ Kd7 57. d6 Ne5+ 58. Kd4 Nf7 59. Kc5
Rf2 60. Rd1 1-0

[Event "DVM U20 2003"]
[Site "Ditzingen GER"]
[Date "2003.12.29"]
[Round "5"]
[White "Schlippe, Axel"]
[Black "Niethammer, Christoph"]
[Result "1-0"]
[Termination "normal"]
[Board "4.4"]
[WhiteElo "1994"]
[BlackElo "1982"]
[WhiteTeam "SK Ettlingen"]
[BlackTeam "SV Wolfbusch"]
[PlyCount "81"]
[WhiteFideId "4683030"]
[BlackFideId "4694325"]
[EventCountry "GER"]
[EventRounds "7"]
[EventType "team-swiss"]
[EventDate "2003.12.26"]

1. Nf3 d5 2. d4 Nf6 3. c4 e6 4. Nc3 c6 5. e3 Nbd7 6. Bd3 Bd6 7. O-O O-O 8. Qe2
Re8 9. Rd1 Qe7 10. e4 dxe4 11. Nxe4 Nxe4 12. Qxe4 Nf8 13. Bf4 Bxf4 14. Qxf4 b6
15. Rac1 Bb7 16. c5 Red8 17. Ne5 f6 18. Nf3 bxc5 19. dxc5 Rd5 20. b4 a5 21. a4
Rad8 22. Be2 Ng6 23. Qc4 Qd7 24. Rxd5 exd5 25. Qc3 Nf4 26. Bf1 Qg4 27. Nd4 axb4
28. Qxb4 Nh3+ 29. Kh1 Nxf2+ 30. Kg1 Nh3+ 31. Kh1 Qf4 32. Re1 Nf2+ 33. Kg1 Rb8
34. Nxc6 Qxb4 35. Nxb4 Ne4 36. c6 Ba8 37. Nxd5 Nd6 38. c7 Rf8 39. Nb6 Kf7 40.
Rd1 Ke7 41. Rxd6 1-0

[Event "DVM U20 2003"]
[Site "Ditzingen GER"]
[Date "2003.12.29"]
[Round "5"]
[White "Naß, Walter Robert"]
[Black "Fucik, Timo"]
[Result "0-1"]
[Termination "normal"]
[Board "4.5"]
[WhiteElo "1844"]
[BlackElo "1831"]
[WhiteTeam "SV Wolfbusch"]
[BlackTeam "SK Ettlingen"]
[PlyCount "98"]
[WhiteFideId "24607215"]
[EventCountry "GER"]
[EventRounds "7"]
[EventType "team-swiss"]
[EventDate "2003.12.26"]

1. e4 c5 2. Nf3 d6 3. d4 Nf6 4. Nc3 cxd4 5. Nxd4 a6 6. Be2 e6 7. Be3 Qc7 8. O-O
Nc6 9. f4 Be7 10. Qe1 Nxd4 11. Bxd4 b5 12. a3 Bb7 13. Bf3 O-O 14. Rd1 Rfd8 15.
Qg3 d5 16. Kh1 dxe4 17. Bxe4 Nh5 18. Qe3 Rac8 19. Bb6 Rxd1 20. Rxd1 Qb8 21.
Bxb7 Qxb7 22. Kg1 Nxf4 23. Qxf4 Qxb6+ 24. Kh1 Rd8 25. Rf1 f6 26. Qe4 Rd4 27.
Qe2 Qd6 28. Ne4 Qe5 29. Re1 f5 30. Nc3 Qxe2 31. Rxe2 Kf7 32. g3 Bf6 33. Kg2 e5
34. Na2 e4 35. Nb4 Rd6 36. c3 Ke6 37. Nc2 g6 38. Kf2 Bg5 39. Nd4+ Kd5 40. Re1
Bf6 41. Nc2 Kc4 42. Re2 Bd8 43. Ke1 Bb6 44. Nb4 a5 45. Nc2 Kb3 46. a4 b4 47.
cxb4 axb4 48. Na1+ Kxa4 49. b3+ Ka3 0-1

[Event "DVM U20 2003"]
[Site "Ditzingen GER"]
[Date "2003.12.29"]
[Round "5"]
[White "Mader, Michael"]
[Black "Willems, Sebastian"]
[Result "1-0"]
[Termination "normal"]
[Board "4.6"]
[WhiteElo "2079"]
[BlackElo "1500"]
[WhiteTeam "SK Ettlingen"]
[BlackTeam "SV Wolfbusch"]
[PlyCount "97"]
[WhiteFideId "4696913"]
[EventCountry "GER"]
[EventRounds "7"]
[EventType "team-swiss"]
[EventDate "2003.12.26"]

1. e4 d5 2. exd5 Qxd5 3. Nc3 Qa5 4. d4 Nf6 5. Bc4 Bf5 6. Nf3 e6 7. O-O c6 8.
Re1 Bb4 9. Bd2 O-O 10. a3 Bd6 11. Ne4 Qd8 12. Nxd6 Qxd6 13. Bb4 Qc7 14. Bxf8
Kxf8 15. Bb3 Nbd7 16. c4 Rd8 17. Rc1 c5 18. Qe2 cxd4 19. Nxd4 Bg4 20. Qe3 Nc5
21. Ba2 e5 22. Nb5 Qe7 23. Bb1 a6 24. b4 Na4 25. Nc3 Nb2 26. Ne4 Nxe4 27. Qxe4
Rd4 28. Qxh7 Ke8 29. Qxg7 Be6 30. Qxe5 Rd2 31. Qb8+ Rd8 32. Qe5 Rd2 33. c5 Qh4
34. Qg3 Qd4 35. Qe3 Qxe3 36. Rxe3 Kd7 37. h3 Nd1 38. Rd3+ Rxd3 39. Bxd3 Nb2 40.
Be4 Kc7 41. f4 f5 42. Bc2 b5 43. Re1 Bd7 44. Re7 Kd8 45. Rh7 Nc4 46. Rh5 Ne3
47. Bb1 Nd5 48. Bxf5 Nxf4 49. Rh8+ 1-0

[Event "DVM U20 2003"]
[Site "Ditzingen GER"]
[Date "2003.12.29"]
[Round "5"]
[White "Litwak, Aleksej"]
[Black "Klinger, Sebastian"]
[Result "1/2-1/2"]
[Termination "normal"]
[Board "5.1"]
[WhiteElo "2167"]
[BlackElo "2146"]
[WhiteTeam "SF Berghofen-Wambel"]
[BlackTeam "TuS Geretsried"]
[PlyCount "132"]
[WhiteFideId "4677617"]
[BlackFideId "4667549"]
[EventCountry "GER"]
[EventRounds "7"]
[EventType "team-swiss"]
[EventDate "2003.12.26"]

1. e4 e6 2. d4 d5 3. Nd2 Nf6 4. e5 Nfd7 5. Bd3 c5 6. c3 Nc6 7. Ne2 Qb6 8. Nf3
f6 9. exf6 Nxf6 10. O-O Bd6 11. b3 O-O 12. Bf4 Qc7 13. Bxd6 Qxd6 14. Ng3 Bd7
15. Qd2 a6 16. Rae1 cxd4 17. cxd4 Qb4 18. Re2 Rac8 19. Rfe1 a5 20. Bb1 Na7 21.
Ng5 Nb5 22. Qxb4 axb4 23. Nxe6 Bxe6 24. Rxe6 Nxd4 25. Re7 Rfe8 26. Rxe8+ Rxe8
27. Rxe8+ Nxe8 28. Bd3 Nc7 29. f3 Kf7 30. Kf2 g6 31. Ke3 Nc6 32. f4 Kf6 33. Ne2
Ne6 34. g3 d4+ 35. Kd2 Nc5 36. Bb5 Ne4+ 37. Kd3 Nf2+ 38. Kd2 Na7 39. Nxd4 Ng4
40. Bd7 Nxh2 41. Ke2 g5 42. fxg5+ Kxg5 43. Nc2 Ng4 44. Nxb4 Ne5 45. Bh3 Nb5 46.
Ke3 Ng4+ 47. Kf3 Nf6 48. Ke3 Ng4+ 49. Kf3 Nf6 50. Bc8 Nd6 51. Be6 Nfe4 52. Bd5
Nc3 53. Be6 h5 54. a4 Nce4 55. a5 Nc5 56. Bd5 Kf5 57. Kg2 Ke5 58. Bxb7 Ndxb7
59. Nd3+ Kd6 60. Nxc5 Nxc5 61. b4 Ne4 62. Kf3 Nd2+ 63. Kf4 Nf1 64. b5 Kc5 65.
b6 Kc6 66. g4 hxg4 1/2-1/2

[Event "DVM U20 2003"]
[Site "Ditzingen GER"]
[Date "2003.12.29"]
[Round "5"]
[White "Motl, Martin"]
[Black "Mass, Elvira"]
[Result "1/2-1/2"]
[Termination "normal"]
[Board "5.2"]
[WhiteElo "2160"]
[BlackElo "1985"]
[WhiteTeam "TuS Geretsried"]
[BlackTeam "SF Berghofen-Wambel"]
[PlyCount "92"]
[WhiteFideId "4667522"]
[BlackFideId "4695623"]
[EventCountry "GER"]
[EventRounds "7"]
[EventType "team-swiss"]
[EventDate "2003.12.26"]

1. d4 d5 2. c4 e6 3. Nc3 Be7 4. Nf3 Nf6 5. Bg5 h6 6. Bh4 O-O 7. e3 b6 8. cxd5
Nxd5 9. Bxe7 Qxe7 10. Nxd5 exd5 11. Qb3 Be6 12. Rc1 Rc8 13. Be2 c5 14. Qa3 Kf8
15. dxc5 bxc5 16. O-O Nd7 17. b3 a5 18. Bb5 Nb6 19. Rc3 Bd7 20. Bxd7 Nxd7 21.
Rfc1 f6 22. h3 Kf7 23. R1c2 Rcb8 24. Qa4 Qe6 25. Qh4 Kf8 26. Qh5 Qf7 27. Qf5
Rc8 28. Nd4 Re8 29. Nb5 Re5 30. Qg4 f5 31. Qf4 Qf6 32. Rd3 Rc8 33. Qf3 Nb6 34.
Rdc3 Nd7 35. Qd1 Qe6 36. Nd4 Qf7 37. Qd3 f4 38. Nf3 Rf5 39. e4 dxe4 40. Qxe4
Re8 41. Qa4 Rd5 42. Qxa5 Rd1+ 43. Kh2 Qd5 44. Qb5 Rb8 45. Qc4 Qxc4 46. Rxc4 Ra8
1/2-1/2

[Event "DVM U20 2003"]
[Site "Ditzingen GER"]
[Date "2003.12.29"]
[Round "5"]
[White "Klinger, Stefan"]
[Black "Grofig, Patrick"]
[Result "0-1"]
[Termination "normal"]
[Board "5.4"]
[WhiteElo "1699"]
[BlackElo "2116"]
[WhiteTeam "TuS Geretsried"]
[BlackTeam "SF Berghofen-Wambel"]
[PlyCount "50"]
[BlackFideId "24605654"]
[EventCountry "GER"]
[EventRounds "7"]
[EventType "team-swiss"]
[EventDate "2003.12.26"]

1. d4 d5 2. Nf3 Nf6 3. Bf4 c5 4. e3 Nc6 5. c3 e6 6. Nbd2 Bd7 7. Bd3 a6 8. O-O
b5 9. Re1 cxd4 10. exd4 Qb6 11. Ne5 Be7 12. Qf3 b4 13. Nxd7 Nxd7 14. Qg3 Bf6
15. Nf3 Nf8 16. Ne5 Ng6 17. Nxg6 hxg6 18. Bxg6 fxg6 19. Rxe6+ Kf7 20. Bc7 Qb7
21. Qd6 Ne7 22. Rae1 Rhe8 23. cxb4 Rac8 24. Ba5 Nf5 25. Re7+ Rxe7 0-1

[Event "DVM U20 2003"]
[Site "Ditzingen GER"]
[Date "2003.12.29"]
[Round "5"]
[White "Babczyk, Adrian"]
[Black "Klinger, Severin"]
[Result "0-1"]
[Termination "normal"]
[Board "5.5"]
[WhiteElo "1777"]
[BlackElo "1530"]
[WhiteTeam "SF Berghofen-Wambel"]
[BlackTeam "TuS Geretsried"]
[PlyCount "92"]
[WhiteFideId "24608700"]
[EventCountry "GER"]
[EventRounds "7"]
[EventType "team-swiss"]
[EventDate "2003.12.26"]

1. Nf3 d5 2. c4 e6 3. d4 Nf6 4. Nc3 c6 5. e3 Bd6 6. c5 Bc7 7. b4 a6 8. Bd3 Nbd7
9. Qe2 O-O 10. a4 e5 11. Bc2 exd4 12. exd4 Re8 13. Be3 Ng4 14. Nd1 Ndf6 15. O-O
Bxh2+ 16. Nxh2 Nxh2 17. Re1 Nhg4 18. f3 Nxe3 19. Nxe3 Qc7 20. Qf2 Qf4 21. Rad1
Bd7 22. g3 Qc7 23. Nf5 Rxe1+ 24. Rxe1 Re8 25. Nd6 Rxe1+ 26. Qxe1 Kf8 27. Kg2 h6
28. Qe2 Ne8 29. Nf5 Bxf5 30. Bxf5 a5 31. b5 cxb5 32. axb5 b6 33. c6 Nf6 34. Qe3
Ne8 35. Bd7 Nf6 36. Qe5 Qxe5 37. dxe5 Ne8 38. Bf5 Nc7 39. Bd3 a4 40. Bc2 a3 41.
Bb3 Ke7 42. Kf2 Nxb5 43. Ke3 Nc3 44. Kd4 a2 45. Bxa2 Nxa2 46. Kxd5 Nb4+ 0-1